Vyber zloženia mobilnej fázy pre analýzu vybraných fenolických zlúčenín vo vzorkách vína

Gespeichert in:
Bibliographische Detailangaben
1. Verfasser: Vrabcová, Viktória (Verfasst von)
Weitere Verfasser: Denderz, Natalia (Betreuung Doktorarbeit)
Format: Manuskript Buch
Sprache:Slowakisch
Veröffentlicht: 2015
Schlagworte:
Online-Zugang:http://is.stuba.sk/zp/portal_zp.pl?podrobnosti=101318
Tags: Tag hinzufügen
Keine Tags, Fügen Sie das erste Tag hinzu!

MARC

LEADER 00000ntm a22000003a 4500
001 stuzp53044
003 SK-STU
005 20160719154348.0
007 ta
008 150427s2015----xo-----f-mn---000-0-slo-d
040 |a STU  |b slo 
041 0 |a slo 
100 1 |a Vrabcová, Viktória  |u 041180  |4 aut  |U FCHPT Ústav analytickej chémie  |T FCHPT Oddelenie analytickej chémie  |X 60634  |U C1180  |Y 108  |7 60634 
242 0 1 |a Selection of the Mobile Phase Composition for the Analysis of Chosen Phenolic Compounds in Wine Samples  |y eng 
245 1 0 |a Vyber zloženia mobilnej fázy pre analýzu vybraných fenolických zlúčenín vo vzorkách vína 
260 |c 2015 
650 4 |a vysokoúčinná kvapalinová chromatografia  |2 slo 
650 4 |a elúcia izokratická  |2 slo 
650 4 |a fenolické kyseliny  |2 slo 
650 4 |a elúcia gradientová  |2 slo 
650 4 |a analýza vína  |2 slo 
650 4 |a high performance liquid chromatography  |2 eng 
650 4 |a isocratic elution  |2 eng 
650 4 |a wine analysis  |2 eng 
650 4 |a phenolic acids  |2 eng 
650 4 |a gradient elution  |2 eng 
700 1 |a Denderz, Natalia  |4 ths  |X 68210  |7 A0000068210 
856 4 |u http://is.stuba.sk/zp/portal_zp.pl?podrobnosti=101318 
SQL |a stuzp53044  |b DBP  |c SLO  |d Vyber zloženia mobilnej fázy pre analýzu vybraných fenolických zlúčenín vo vzorkách vína  |e 60634  |f Vrabcová, Viktória  |g 041180  |h 68210  |i Denderz, Natalia  |j 20150713  |k 753  |l 04  |m http://is.stuba.sk/zp/portal_zp.pl?podrobnosti=101318  |n B-CHEMAT  |o 4.1.14. chémia, 5.2.18. chemické technológie